000 00831nas a2200277 4500
001 BR0809378
003 BR-BrBNA
005 20231205112727.0
007 ta
008 230509b bl.|||p| |||| 00| 00por d
040 _aBR-BrBNA
_bpor
_cBiblioteca Nacional de Agricultura
041 _a(Pt)
072 _aL73
100 1 _aCarvalho, A.U.
100 1 _aAbrão, D.C.
100 1 _aFacury Filho, E.J.
100 1 _aPaes, P.R.O.
100 1 _aRibeiro, M.F.B.
245 1 _aOcorrência de Trypanosoma vivax no estado de Minas Gerais
650 _aBOVINO
650 _aTRIPANOSSOMO
650 _aMINAS GERAIS
773 0 _tArquivo Brasileiro de Medicina Veterinária e Zootecnia (Brazil)
_xISSN 0102-0935
_g(Jun 2008), v. 60(3) p. 769-771
_wBR0809378
909 _a202311
_bLúcia
_c55
_dLúcia Elande
942 _2AGRIS
_n0
_cANA
999 _c199613
_d199613